书目信息 |
| 题名: |
苹果教父乔布斯
|
|
| 作者: | 崔智东 编著 | |
| 分册: | ||
| 出版信息: | 北京 台海出版社 2011.9 |
|
| 页数: | 241页 | |
| 开本: | 24cm | |
| 丛书名: | ||
| 单 册: | ||
| 中图分类: | F471.266 | |
| 科图分类: | ||
| 主题词: | ||
| 电子资源: | ||
| ISBN: | 978-7-80141-737-4 | |
| 000 | 00895nam0 2200229 45 | |
| 001 | 1360542921 | |
| 005 | 20130531102101.00 | |
| 010 | @a978-7-80141-737-4@dCNY32.00 | |
| 100 | @a20130513d2011 em y0chiy0121 ea | |
| 101 | 0 | @achi |
| 102 | @aCN@b110000 | |
| 105 | @ay z 000yy | |
| 106 | @ar | |
| 200 | 1 | @a苹果教父乔布斯@APing Guo Jiao Fu Qiao Bu Si@f崔智东编著@FCui Zhi Dong Bian Zhu |
| 210 | @a北京@c台海出版社@d2011.9 | |
| 215 | @a241页@d24cm | |
| 330 | @a乔布斯的离世是苹果永远不可估量的遗憾, 苹果被“咬掉”的缺口将永远属于乔布斯。他是硅谷的首席创新大师, IT界的拿破仑; 他是会“魔法”的商界奇才, 万众瞩目的乔帮主; 他把一个“苹果”做成了一场大生意; 他把行业格局搅得人仰马翻后自己却一骑绝尘…… | |
| 600 | 0 | @a乔布斯, S.@f1955-2011@x企业管理@x经验 |
| 690 | @aF471.266@v5 | |
| 701 | 0 | @a崔智东@ACui Zhi Dong@4编著 |
| 801 | @aCN@bTANGWEI@c20130523 | |
| 905 | @b0835110-15@dF471.266@e59@f6 | |
| 苹果教父乔布斯/崔智东编著.-北京:台海出版社,2011.9 |
| 241页;24cm |
| ISBN 978-7-80141-737-4:CNY32.00 |
| 乔布斯的离世是苹果永远不可估量的遗憾, 苹果被“咬掉”的缺口将永远属于乔布斯。他是硅谷的首席创新大师, IT界的拿破仑; 他是会“魔法”的商界奇才, 万众瞩目的乔帮主; 他把一个“苹果”做成了一场大生意; 他把行业格局搅得人仰马翻后自己却一骑绝尘…… |
| ● |
| 相关链接 |
|
|
|
|
正题名:苹果教父乔布斯
索取号:F471.266/59
 
预约/预借
| 序号 | 登录号 | 条形码 | 馆藏地/架位号 | 状态 | 备注 |
| 1 | 0835110 | 208351102 | 第一样本阅览室/ [索取号:F471.266/59] | 在馆 | |
| 2 | 0835111 | 208351111 | 第一借阅区/ [索取号:F471.266/59] | 在馆 | |
| 3 | 0835112 | 208351120 | 第一借阅区/ [索取号:F471.266/59] | 在馆 | |
| 4 | 0835113 | 208351139 | 第一借阅区/ [索取号:F471.266/59] | 在馆 | |
| 5 | 0835114 | 208351148 | 第一借阅区/ [索取号:F471.266/59] | 在馆 | |
| 6 | 0835115 | 208351157 | 第一借阅区/ [索取号:F471.266/59] | 在馆 |